Регионална библиотека "Любен Каравелов" - Русе

Кембълът (Запис номер 130707)

MARC детайли
000 -Лидер
Контролно поле с фиксирана дължина 01376nam a2200337 c 4500
003 - Код на организацията, давaща контролен номер
Контролно поле BLK
005 - Дата и час на последна редакция
Контролно поле 20240522124651.0
008 - Елементи от данни с фиксирана дължина
fixed length control field 180409b bul|||||r ||||||| ||bul||
010 ## - Наследен системен номер
LC control number KNG00136495000
020 ## - Международен стандартен номер на книга ISBN
Международен стандартен номер на книга ISBN 978-954-28-0949-4
-- издат.: Ciela Soft and Publ.
040 ## - Източник на каталожния запис
Идентификатор на билиотеката - собственик на записа BLK
041 ## - Код за език
Код за езика на текст/звукозапис или на отделно заглавие Български
Код за езика КДБФ Български
072 #7 - Код за тематичната категория
Код организация bullib
Код за тематична категория Н84
Текст Българска художествена литература Н
080 ## - УДК
Текстов определител УДК Българска литература
УДК код - определител по УДК 821.163.2
УДК определител -312.6
УДК - код + определител 821.163.2-312.6
100 1# - Редна дума - Автор
Автор Трифонов-Кембълът, Емил
Авторска отговорност първи автор
R(LIN) 322372
139 ## - Редно поле
Редна дума Трифонов, Емил Благовест
Авторски знак Триф - Т 84
245 10 - Сведения за заглавието
Заглавие Кембълът
Подзаглавни данни Нещо за четене - 3 : Лов стори
Редно поле (дума) * Емил Благовест Трифонов; Емил Трифонов-Кембълът.
257 ## - Страна на издаване
Страна на създаване/издаване България
260 ## - Област на издателските данни
-- София
Име на издателя, разпространителя и проч. Ciela Soft and Publ.
Година на издаване 2011
300 ## - Физическа характеристика
Страници 296 с., 4 л.
Илюстрации и др. с ил.
Размери/Мащаб 21 см
380 ## - Жанр
Жанр Худож. лит.
500 ## - Общи забележки
Забележка Кембълът - псевд. на Емил Благовест Трифонов.
659 ## - Тематичен бюлетин
Тематичен бюлетин Н
700 1# - Други автори (авторска отговорност)
Лично име Трифонов, Емил Благовест
Автороска отговорност (Описва отношението между автора и произведението) *
9 (RLIN) 292426
852 ## - Местоположение
Форматна сигнатура Цб 256923
856 4# - Електронен адрес и достъп
Електронен формат pdf - файл
Път до файла /url/
856 4# - Електронен адрес и достъп
Електронен формат pdf - файл
Път до файла /url/
942 ## - АРТИКУЛИ
Вид на библиотечния материал Книги
Скрит в OPAC Не
Koha issues (borrowed), all copies 3
944 ## - СЪЗДАВАНЕ И РЕДАКЦИЯ на ЗАПИСА
Създаване/Редакция Създаване
Дата на регистрацията/редакция 27.11.2012
Служител, извършил регистрацията/редакцията 30531
Статус, дата на статуса Цветелина Шанова
944 ## - СЪЗДАВАНЕ И РЕДАКЦИЯ на ЗАПИСА
Създаване/Редакция Редакция
Дата на регистрацията/редакция 14.03.2013
Служител, извършил регистрацията/редакцията
999 ## - СИСТЕМНИ КОНТРОЛНИ НОМЕРА
Koha biblionumber 130707
Koha biblioitemnumber 130707
Наличности
Код за отписване Код за изгубен артикул Източник на класификационната схема Код за повреда Коз за рестрикции Код за отдаване Артикулен № Име на библиотеката - собственик Име на библиотеката, в която се намира в момента Статус (Текущо местоположение) Дата на вписване в системата Местоположение - отдел Цена в лева Инвентарен номер Систематично азбучна сигнатура Баркод Номер на екземпляра Цена в евро Служебна бележка Служебен тип на артикула
  Не е изгубен Universal Decimal Classification Не е повреден без рестрикции заемане за дома 212770 Регионална библиотека "Любен Каравелов" Русе Регионална библиотека "Любен Каравелов" Русе Заемна - подръчен фонд 2012-11-23 Заемна - подръчен фонд 9.00 120000761302 П 886.7-31/Т 84 120000761302 1 4.60 Дост: Pk Вид: Ф N: 0000105728 Дата: 21.11.2012 Дата инв: 12.02.2018 Бележки инв: П2018 Книги
  Не е изгубен   Не е повреден без рестрикции заемане за дома 212771 Регионална библиотека "Любен Каравелов" Русе Регионална библиотека "Любен Каравелов" Русе Заемна - подръчен фонд 2012-11-23 Заемна - подръчен фонд 9.00 120000761303 П 886.7-31/Т 84 120000761303 2 4.60 Дост: Pk Вид: Ф N: 0000105728 Дата: 21.11.2012 Дата инв: 12.02.2018 Бележки инв: П2018 Книги
  Не е изгубен   Не е повреден без рестрикции ползва се в читалня 212772 Регионална библиотека "Любен Каравелов" Русе Регионална библиотека "Любен Каравелов" Русе Хранилище 2013-03-12 Хранилище 15.00 120000764915 Цб 256923 120000764915 3 7.67 Дост: Dp Вид: Д N: 46 Дата: 07.11.2011 Книги
Vip Innovations Ltd, Rousse, Bulgaria 2025